| 000 | 00603nam a22001817a 4500 | ||
|---|---|---|---|
| 999 |
_c523541 _d523541 |
||
| 003 | NUST | ||
| 005 | 20190415113519.0 | ||
| 008 | 190415b ||||| |||| 00| 0 eng d | ||
| 038 | _aNusrat Nadeem | ||
| 040 |
_aDLC _bDLC _cRCMS |
||
| 082 |
_a542/.85 21 _bBUS |
||
| 100 |
_aBushra Nosheen _914111 |
||
| 245 |
_aMS/Thesis:Quantum Chemical Studies of Organic Liquid Crystal As Semiconductor-Form Quantum Mechanics To Flexible Materials _cBushra Nosheen |
||
| 260 |
_aIslamabad _bRCMS NUST _cMarch 2019 |
||
| 300 |
_axii,72,p: _bill: _c30.cm. |
||
| 610 |
_xComputational Chemistry _914112 |
||
| 942 |
_2ddc _cTHE |
||